Betclic 1 Liga 2025/26 - Statystyki

Ogólne statystyki
  • Ten quiz został rozwiązany 114 razy
  • Średni wynik to 12 z 18
Statystyki odpowiedzi
Kluby % Poprawnych
Wisła Kraków
97%
Śląsk Wrocław
85%
Wieczysta Kraków
80%
Polonia Warszawa
79%
GKS Tychy
75%
Ruch Chorzów
75%
ŁKS Łódź
73%
Stal Mielec
73%
Pogoń Grodzisk Mazowiecki
65%
Polonia Bytom
65%
Stal Rzeszów
65%
Miedź Legnica
64%
Puszcza Niepołomice
64%
Pogoń Siedlce
59%
Znicz Pruszków
59%
Odra Opole
58%
Chrobły Głogów
57%
Górnik Łęczna
47%
Nie znaleziono quizów pasujących do podanych kryteriów
Rozkład punktacji
Procent ludzi z każdym wynikiem
Percentyl według liczby udzielonych odpowiedzi
Twoja historia wyników
Nie rozwiązałeś tego quizu